A reader's guide to Marcel Proust /

সংরক্ষণ করুন:
গ্রন্থ-পঞ্জীর বিবরন
প্রধান লেখক: Hindus, Milton
বিন্যাস: গ্রন্থ
ভাষা:ইংরেজি
প্রকাশিত: London: Thames & Hudson, 1962
ট্যাগগুলো: ট্যাগ যুক্ত করুন
কোনো ট্যাগ নেই, প্রথমজন হিসাবে ট্যাগ করুন!

MARC

LEADER 00000nam a22000007i 4500
001 IT\ICCU\UBO\4650847
003 ItRI
005 20260115232327.0
008 220927s1962 xxk|||||| ||||| |||||c
040 |b ita  |c importazione bologna sebina 
041 7 |a eng  |2 ISO-639-2 
100 1 |a Hindus, Milton  |0 IT\ICCU\SBLV\306386 
240 1 2 |a A reader's guide to Marcel Proust  |3 IT\ICCU\UBO\4650848 
245 1 2 |a A reader's guide to Marcel Proust /  |c Milton Hindus. 
260 |a London: Thames & Hudson,  |c 1962 
300 |a X, 275 p. ;  |c 21 cm 
942 |2 ddc  |c BK  |n 0 
952 |0 0  |1 0  |4 0  |6 DOC_843_912000000000000_HIN  |7 0  |9 24243  |a BO  |b BO  |d 2026-01-15  |i 1515  |l 0  |o DOC 843.912 HIN  |p BO1515  |r 2026-01-15 23:23:27  |w 2026-01-15  |x [Sebina 7] [1 v.]  |y BK  |z 1 v. 
999 |c 20636  |d 20636